ბათუმის შოთა რუსთაველის სახელმწიფო უნივერსიტეტის ბიბლიოთეკა

Сборник задач и примеров расчета деталей машин. (ბიბ.ჩანაწერი № 47851)

000 -LEADER
fixed length control field 00699nam a2200205Ia 4500
001 - CONTROL NUMBER
control field 14725
003 - CONTROL NUMBER IDENTIFIER
control field GE_BSU
008 - FIXED-LENGTH DATA ELEMENTS--GENERAL INFORMATION
fixed length control field 181216s||||||||xx |||||||||||||| ||und||
040 ## - CATALOGING SOURCE
Transcribing agency GE_BSU
080 ## - UNIVERSAL DECIMAL CLASSIFICATION NUMBER
Universal Decimal Classification number 621.81
100 ## - MAIN ENTRY--PERSONAL NAME
Personal name Ицкович,Г.М. Киселев,В.А. Чернавский,С.А. и др.
245 ## - TITLE STATEMENT
Title Сборник задач и примеров расчета деталей машин.
245 ## - TITLE STATEMENT
Statement of responsibility, etc. Научн. ред. С.А.Чернавский.
260 ## - PUBLICATION, DISTRIBUTION, ETC.
Place of publication, distribution, etc. М.
260 ## - PUBLICATION, DISTRIBUTION, ETC.
Name of publisher, distributor, etc. Машгиз.
260 ## - PUBLICATION, DISTRIBUTION, ETC.
Date of publication, distribution, etc. 1957.
300 ## - PHYSICAL DESCRIPTION
Extent 267 стр. с илл. 22 см.
653 ## - INDEX TERM--UNCONTROLLED
Uncontrolled term Сборник задач и примеров расчета деталей машин.
942 ## - ADDED ENTRY ELEMENTS (KOHA)
Koha item type წიგნი
ეგზემპლარები
Withdrawn status Lost status Damaged status Not for loan Date acquired Barcode Date last seen Price effective from Koha item type
        2018-12-17 11147 2018-12-17 2018-12-17 წიგნი